Die teuersten Fußballtransfers nach Saison - Statistiken

Allgemein
  • Dieses Quiz wurde 84 mal gespielt
  • Das Durchschnittsergebnis liegt bei 19 aus 25
Antwortstatistiken
Saison Ablöse (M €) Nationalität Abgebender Verein Aufnehmender Verein Spieler % Korrekt
2018-2019 180,00 Frankreich AS Monaco Paris SG Kylian Mbappé
97%
2009-2010 94,00 Portugal Manchester United Real Madrid Cristiano Ronaldo
96%
2017-2018 222,00 Brasilien FC Barcelona Paris SG Neymar
96%
2013-2014 101,00 Wales Tottenham Real Madrid Gareth Bale
93%
2015-2016 76,00 Belgien VfL Wolfsburg Manchester City Kevin De Bruyne
93%
2021-2022 117,50 England Aston Villa Manchester City Jack Grealish
91%
2016-2017 105,00 Frankreich Juventus Turin Manchester United Paul Pogba
91%
2001-2002 77,50 Frankreich Juventus Turin Real Madrid Zinédine Zidane
91%
2023-2024 116,60 England West Ham United FC Arsenal Declan Rice
90%
2014-2015 81,72 Uruguay FC Liverpool FC Barcelona Luis Suárez
90%
2019-2020 127,20 Portugal Benfica Atlético Madrid João Félix
89%
2022-2023 121,00 Argentinien Benfica FC Chelsea Enzo Fernández
84%
2000-2001 60,00 Portugal FC Barcelona Real Madrid Luís Figo
83%
2004-2005 38,50 Elfenbeinküste Olympique Marseille FC Chelsea Didier Drogba
81%
2003-2004 37,50 England Manchester Utd Real Madrid David Beckham
80%
2007-2008 38,00 Spanien Atlètico Madrid FC Liverpool Fernando Torres
80%
2010-2011 58,50 Spanien FC Liverpool FC Chelsea Fernando Torres
80%
2020-2021 80,60 Brasilien FC Barcelona Juventus Turin Arthur Melo
70%
2006-2007 43,88 Ukraine AC Mailand FC Chelsea Andriy Shevchenko
69%
2005-2006 38,00 Ghana Olympique Lyon FC Chelsea Michael Essien
64%
2012-2013 42,00 Brasilien AC Mailand Paris SG Thiago Silva
60%
2002-2003 46,00 England Leeds United Manchester Utd Rio Ferdinand
47%
2008-2009 43,00 Brasilien Real Madrid Manchester City Robinho
40%
2011-2012 42,00 Argentinien US Palermo Paris SG Javier Pastore
29%
1999-2000 46,48 Italien Lazio Rom Inter Mailand Christian Vieri
26%
Keine übereinstimmenden Quizze gefunden
Verteilung der Resultate
Anzahl Personen mit jedem Resultat
Perzentil nach korrekt beantworteten Fragen
Ihre Resultats-Entwicklung
Sie haben dieses Quiz noch nicht gespielt